5th Form Verb Test 4 Lent Term 2014 by Alex Hale Quiz Stats

 Plays Quiz not verified by Sporcle

Challenge
Share
Tweet
Embed
Score 0/20 Timer 05:00
0 Plays Today
English French % Correct
One goesOn va
92%
They (m.) have Ils ont
84%
I go up / climbJe monte
76%
We descend / go downNous descendons
72%
You (pl.) do not goVous n’allez pas
72%
They (f.) have not Elles n’ont pas
72%
We are not going up / climbing Nous ne montons pas
72%
You (s.) are not descendingTu ne descends pas
72%
They (f.) are going to haveElles vont avoir
72%
She is going to goElle va aller
72%
English French % Correct
You (pl.) are going to go up / climb Vous allez monter
64%
You (s.) are going to descend Tu vas descendre
64%
They (f) did not haveElles n’ont pas eu
56%
I have had J’ai eu
52%
You (m.pl.) went up / climbed Vous êtes montés
52%
We (f.) went / we have goneNous sommesallées
48%
You (f. pl.) descended Vous êtes descendues
48%
We (m.) have not descended Nous ne sommes pas descendus
48%
She did not go up / climb Elle n’est pas montée
36%
They (m.) went / have gone Ils ont pas
28%

You're not logged in!

Compare scores with friends on all Sporcle quizzes.
Join for Free
OR
Log In

You Might Also Like...

Show Comments

Extras

Created Mar 22, 2014ReportNominate
Tags:Clickable Quiz, 2014, 5th, alex, form, lent, term, test, verb

Top Quizzes Today


Score Distribution

Your Account Isn't Verified!

In order to create a playlist on Sporcle, you need to verify the email address you used during registration. Go to your Sporcle Settings to finish the process.

Report this User

Report this user for behavior that violates our Community Guidelines.

Details: